Online
Catalog

Crisis of small states in the present economic world / (Record no. 19469)

MARC details
000 -CABECERA
campo de control de longitud fija 01013cam a2200253 a 4500
001 - NÚMERO DE CONTROL
campo de control 000019956
005 - FECHA Y HORA DE LA ÚLTIMA TRANSACCIÓN
campo de control 20240313135919.0
008 - DATOS DE LONGITUD FIJA--INFORMACIÓN GENERAL
campo de control de longitud fija 820309s1960 enka 000 0 eng d
040 ## - FUENTE DE LA CATALOGACIÓN
Centro catalogador/agencia de origen DO-SdBNP
Lengua de catalogación eng
Centro/agencia transcriptor LC
Centro/agencia modificador BNPHU
050 00 - SIGNATURA TOPOGRÁFICA DE LA BIBLIOTECA DEL CONGRESO
Número de clasificación HC145
Número de documento/Ítem .M4
082 ## - NÚMERO DE LA CLASIFICACIÓN DECIMAL DEWEY
Número de clasificación nn*
Número de documento/Ítem M416c
049 ## - FONDOS LOCALES (OCLC)
Fondos de biblioteca BNGR
100 1# - ENTRADA PRINCIPAL--NOMBRE DE PERSONA
Nombre de persona Mejía-Ricart G., Marcio,
Fechas asociadas al nombre 1933-
Forma completa/desarrollada del nombre (Mejía-Ricart Guzmán), |
9 (RLIN) 8411
245 10 - MENCIÓN DE TÍTULO
Título Crisis of small states in the present economic world /
Mención de responsabilidad, etc. Marcio A. Mejia-Ricart.
260 ## - PUBLICACIÓN, DISTRIBUCIÓN, ETC.
Lugar de publicación, distribución, etc. London :
Nombre del editor, distribuidor, etc. Farm Intelligence Limited,
Fecha de publicación, distribución, etc. 1960.
300 ## - DESCRIPCIÓN FÍSICA
Extensión 98 p. :
Otras características físicas il. ;
Dimensiones 22 cm.
490 1# - MENCIÓN DE SERIE
Mención de serie Bank of London & South America Limited
500 ## - NOTA GENERAL
Nota general "En el Estudio de los problemas de los pequeños estados subdesarrollados, con especial referencia a América Central y la zona del Caribe.
650 #0 - PUNTO DE ACCESO ADICIONAL DE MATERIA--TÉRMINO DE MATERIA
Término de materia o nombre geográfico como elemento de entrada States, small.
9 (RLIN) 42553
651 #0 - PUNTO DE ACCESO ADICIONAL DE MATERIA--NOMBRE GEOGRÁFICO
Nombre geográfico Developing Countries.
9 (RLIN) 42554
651 #0 - PUNTO DE ACCESO ADICIONAL DE MATERIA--NOMBRE GEOGRÁFICO
Nombre geográfico Latin America
Subdivisión general Economic Conditions.
9 (RLIN) 28874
830 #0 - PUNTO DE ACCESO ADICIONAL DE SERIE-TÍTULO UNIFORME
Título uniforme Bank of London & South America Limited
9 (RLIN) 42555
910 ## - DATOS DE OPCIÓN DEL USUARIO (OCLC)
Datos de opción del usuario Catalogación derivada / LC
Holdings
Estado de retiro Estado de pérdida Restricciones de uso No para préstamo Código de colección Localización permanente Ubicación/localización actual Ubicación en estantería Fecha de adquisición Número de inventario Total de préstamos Signatura topográfica completa Código de barras Fecha visto por última vez Precio válido a partir de Tipo de ítem Koha Número de copia
        Monografías: Libros y Folletos General General En catalogación 09.07.2010 LF1   nn* M416c 19956-10 25.06.2020 25.06.2020 Préstamo en sala  
      Préstamo restrigido Monografías: Libros y Folletos General General En catalogación 09.07.2010 LF1   nn* M416c 19956-20 25.06.2020 25.06.2020 Préstamo en sala e.2

Powered by Koha